Southville International School and Colleges
Your cart is empty.
  • Cart
  • Lists
    Public lists Eva Luna New books Lux_list list_1
    Your lists Log in to create your own lists
  • Log in to your account
  • Your cookies
  • Search history
Southville International School and Colleges
  • Advanced search
  • Recent comments
  • Most popular
  • Libraries

Log in to your account

Log in with GOOGLE


If you do not have an external account, but do have a local account, you can still log in:

  1. Home
  2. MARC view: Fundamentals in lodging operations
Normal view MARC view ISBD view

Fundamentals in lodging operations (Record no. 364746)

[ view plain ]
MARC details
000 -LEADER
fixed length control field 00723nam a22002297a 4500
003 - CONTROL NUMBER IDENTIFIER
control field 0
005 - DATE AND TIME OF LATEST TRANSACTION
control field 20240618111049.0
008 - FIXED-LENGTH DATA ELEMENTS--GENERAL INFORMATION
fixed length control field 220725b xxu||||| |||| 00| 0 eng d
020 ## - INTERNATIONAL STANDARD BOOK NUMBER
International Standard Book Number 978-621-04-3463-7
050 ## - LIBRARY OF CONGRESS CALL NUMBER
Classification number TX911.3
Item number .P65 2021
100 ## - MAIN ENTRY--PERSONAL NAME
Personal name Policarpio, John Ericson
245 ## - TITLE STATEMENT
Title Fundamentals in lodging operations
Statement of responsibility, etc John Ericson Policarpio
250 ## - EDITION STATEMENT
Edition statement 1st. ed.
260 ## - PUBLICATION, DISTRIBUTION, ETC. (IMPRINT)
Place of publication, distribution, etc Manila
Name of publisher, distributor, etc Rex book store Inc.,
Date of publication, distribution, etc 2021
300 ## - PHYSICAL DESCRIPTION
Extent x,229pp.
Dimensions 25cm.
Accompanying material Includes bibliography and index.
Type of unit Book
500 ## - GENERAL NOTE
General note Hospitality industry--management.
500 ## - GENERAL NOTE
General note Lodges.
504 ## - BIBLIOGRAPHY, ETC. NOTE
Bibliography, etc Includes bibliographical references and index.
650 ## - SUBJECT ADDED ENTRY--TOPICAL TERM
Topical term or geographic name as entry element Hospitality industry--management.
650 ## - SUBJECT ADDED ENTRY--TOPICAL TERM
Topical term or geographic name as entry element Lodges.
942 ## - ADDED ENTRY ELEMENTS (KOHA)
Source of classification or shelving scheme Library of Congress Classification
Koha item type Books
Holdings
Withdrawn status Lost status Source of classification or shelving scheme Damaged status Home library Current library Shelving location Date acquired Source of acquisition Sub Shelving location Total Checkouts Full call number Barcode Date last seen Price effective from Koha item type
    Library of Congress Classification   College Library College Library Filipiniana Section 07/25/2022 Library Fund     TX911.3 .P65 2021 C22774 07/25/2022 07/25/2022 Books
    Library of Congress Classification   College Library College Library Filipiniana Section 07/25/2022 Library Fund     TX911.3 .P65 2021 C22775 07/25/2022 07/25/2022 Books
    Library of Congress Classification   College Library College Library Filipiniana Section 07/25/2022 Library Fund     TX911.3 .P65 2021 C22776 07/25/2022 07/25/2022 Books
    Library of Congress Classification   College Library College Library Filipiniana Section 06/18/2024 Library Fund     TX911.3 .P65 2021 C23371 06/18/2024 06/18/2024 Books
    Library of Congress Classification   College Library College Library Filipiniana Section 06/18/2024 Library Fund     TX911.3 .P65 2021 C23370 06/18/2024 06/18/2024 Books

Fundamentals in lodging operations

APA

Policarpio J. E., . (2021). Fundamentals in lodging operations. Manila: Rex book store Inc.

Chicago

Policarpio John Ericson, . 2021. Fundamentals in lodging operations. Manila: Rex book store Inc.

Harvard

Policarpio J. E., . (2021). Fundamentals in lodging operations. Manila: Rex book store Inc.

MLA

Policarpio John Ericson, . Fundamentals in lodging operations. Manila: Rex book store Inc. 2021.

  • Place hold
  • Print
  • Cite
  • Add to your cart (remove)
  • Save record
    BIBTEX Dublin Core MARCXML MARC (non-Unicode/MARC-8) MARC (Unicode/UTF-8) MARC (Unicode/UTF-8, Standard) MODS (XML) RIS
  • More searches
    Search for this title in:
    Other Libraries (WorldCat) Other Databases (Google Scholar) Online Stores (Bookfinder.com) Open Library (openlibrary.org)

Exporting to Dublin Core...

SOUTHVILLE LIBRARY

Southville International School and Colleges Library

1281 Tropical Ave. Cor. Luxembourg St., BF Homes International, Las Pinas City

Tel. No. 8256374 / 252358 Loc. 117/146

Powered by Koha